000 00561nam a2200181Ia 4500
003 IN-BaIIA
008 211028s9999 xx 000 0 eng d
040 _cIIA Library
080 _a083:5323
_bZWI-4
100 _aZwicky, F
_93367
245 0 _aCatalogue of galaxies and of cluster of galaxies
_bvol. 4
_cF. Zwicky
260 _aCalifornia
_bCalifornia Institute of Technology
_c1964
300 _a[various pagings.]
650 _aAstronomy and Astrophysics Thesaurus
650 _aCatalogue-Galaxies
_95966
650 _aGalaxies Catalogue
_95967
942 _cBK
999 _c3364
_d3364